Geese - Husbands - Statistics

General Stats
  • This quiz has been taken 9 times
  • The average score is 105 of 182
Answer Stats
Answers % Correct
a
100%
husbands
100%
you
100%
You
100%
clean
86%
I
86%
i
86%
me
86%
wash
86%
When
86%
will
86%
Will
86%
your
86%
all
71%
All
71%
die?
71%
hair
71%
know
71%
mean?
71%
what
71%
And
57%
are
57%
So
57%
But
43%
but
43%
Do
43%
don't
43%
it
43%
my
43%
say
43%
be
29%
explain
29%
gone
29%
have
29%
hills
29%
hundred
29%
if
29%
I'll
29%
is
29%
never
29%
on
29%
repeat
29%
stay
29%
that
29%
time
29%
to
29%
to,
29%
up
29%
waste
29%
way
29%
Well,
29%
apart,
14%
apart
14%
apart)
14%
back
14%
Falling
14%
falling
14%
(Falling
14%
flat
14%
Gives
14%
Hiking
14%
holiest
14%
horse
14%
loneliness
14%
may
14%
need
14%
should
14%
some
14%
stomped
14%
there's
14%
There's
14%
Yeah,
14%
No matching quizzes found
Score Distribution
Percent of People with Each Score
Percentile by Number Answered
Your Score History
You have not taken this quiz